| 000 | 00808nam a22002297a 4500 | ||
|---|---|---|---|
| 005 | 2010080205365.0 | ||
| 010 | _aENG-97582 | ||
| 020 |
_a9788173716553 _c495.00 |
||
| 035 | _aEN-81115 | ||
| 037 | _bDBAD/PUB | ||
| 082 | _a530 | ||
| 100 |
_aAbhyankar, K D _94458 |
||
| 245 |
_aAn overview of basic theoretical physics / _cby K D Abhyankar [and] A W Joshi |
||
| 260 |
_aHyderabad _bUniversities Press _c2009 |
||
| 270 |
_a3-6-747/1/A & 3-6-754/1, Himayatnagar _bHyderabad _e500029 |
||
| 300 |
_axvii,493p.: _bill. _c24cm (pbk) |
||
| 500 | _aIncludes bibliographical references and index | ||
| 650 |
_aPhysics _94459 |
||
| 700 |
_aJoshi, A W _94460 |
||
| 942 |
_2ddc _cEN _h530 _mABH |
||
| 999 |
_c38756 _d38756 |
||